logo

Bir Sreshtho Munshi Abdur Rouf Library
Jhenaidah Cadet College

একুশের সংকলনঃ গ্রন্থপঞ্জি ১৩৫৩-১৯৮৯ / (Record no. 6650)

MARC details
000 -LEADER
fixed length control field 00782nam a2200229 a 4500
001 - CONTROL NUMBER
JCCL Control Number 6650
003 - CONTROL NUMBER IDENTIFIER
JCCL marc code BD-JhCC
005 - DATE AND TIME OF LATEST TRANSACTION
control field 20180128105139.0
008 - FIXED-LENGTH DATA ELEMENTS--GENERAL INFORMATION
fixed length control field 180127s1991 bg |||| |||| 001 0 ben d
020 ## - INTERNATIONAL STANDARD BOOK NUMBER
International Standard Book Number 9840725262
035 ## - SYSTEM CONTROL NUMBER
system control number (BD-JhCC) 6650
040 ## - CATALOGING SOURCE
Original cataloging agency BD-JhCC
Modifying agency BD-JhCC
041 ## - LANGUAGE CODE
Language code of Book ben
082 ## - DEWEY DECIMAL CLASSIFICATION NUMBER
Author mark and Year EAK 1991
Classification number 050.16
245 ## - TITLE STATEMENT
Title একুশের সংকলনঃ গ্রন্থপঞ্জি ১৩৫৩-১৯৮৯ /
Statement of responsibility, etc আমিরুল মোমেনীন সম্পাদিত
260 ## - PUBLICATION, DISTRIBUTION, ETC. (IMPRINT)
Place of publication, distribution, etc ঢাকা :
Name of publisher, distributor, etc বাংলা একাডেমী,
Date of publication, distribution, etc ২০১৬.
300 ## - PHYSICAL DESCRIPTION
Pagination ১১৬৩ পৃ . :
Dimensions ২৩ সেমি.
650 ## - SUBJECT ADDED ENTRY--TOPICAL TERM
Topical term or geographic name as entry element Bibiographies
700 ## - ADDED ENTRY--PERSONAL NAME
Personal name মোমেনীন, আমিরুল
942 ## - ADDED ENTRY ELEMENTS (KOHA)
Source of classification or shelving scheme Dewey Decimal Classification
Koha item type Books
Holdings
Source of classification or shelving scheme Damaged status Not for loan Home library Current library Shelving location Cost, normal purchase price Total Checkouts Full call number Barcode Date last seen Copy number Koha item type
Dewey Decimal Classification   Not For Loan JCC Rouf Library JCC Rouf Library General Stacks 500.00   050.16 EAK 1991 8986 01/27/2018 C - 1 Books

JCC Library | Contacts | JCC Home

Last Update on 23 September 2017
Copyright @ 2017-2020 JCC Rouf Library
Rouf Library, Jhenidah Cadet College (JCC), Bangladesh